LEADER 01403nam a2200289 u 4500 001 000000019397 003 CaOOAMICUS 005 20070226110801.0 008 950328s1944 it af u000 u ita u 035 $a10465801 040 $aPUL(R)$bita 100 1 $aVannicelli, Luigi,$cO.F.M.$0(OLS)http://pul/name/17015 245 13$aLa religione dei Lolo :$bcontributo allo studio etnologico delle religioni dell'Estremo Oriente /$cLuigi Vannicelli. 260 $aMilano :$bVita e pensiero,$c1944. 300 $axi, 263 p., [2] c. di tav. pieg., [15] c. di tav. :$bill. ;$c1944 490 1 $aPubblicazioni della Università cattolica del Sacro Cuore.$aNuova serie ;$v2 500 $aComprende indici. 504 $aBibliografia: p. 229-231. 650 4$aEtnologia.$0(OLS)http://pul/subject/4615 650 4$aReligioni orientali.$0(OLS)http://pul/subject/3496 651 4$aEstremo Oriente.$0(OLS)http://pul/subject/13069 830 0$aPubblicazioni della Università cattolica del Sacro Cuore.$pNuova serie ;$v2.$0(OLS)http://pul/title/1726 850 $aPUL 852 $aPUL$W1$xDP2 Religione 1$y63$m70 A 25$j27261$nBK-PRI$qStampati$B27261$CPULBib$Z2$F27261 $82 941 1 $a8 996 $6245$aLa religione dei Lolo :$bcontributo allo studio etnologico delle religioni dell'Estremo Oriente$9(OLS)http://pul/title/27465 996 $6260$aMilano :$bVita e pensiero$9(OLS)http://pul/publisher/48016 LEADER 01539nam a2200361 u 4500 001 000000076198 003 CaOOAMICUS 005 20070226123202.0 008 031112m19841990it u000 u ita u 020 $a8816301902 020 $a8816301066 035 $a10975945 040 $aPUL(R)$bita 041 1 $aita$hspa 100 1 $aColombás, García María,$cO.S.B.,$d1920-$0(OLS)http://pul/name/13514 240 10$aMonacato primitivo.$lItaliano.$0(OLS)http://pul/title/99953 245 13$aIl monachesimo delle origini /$cGarcía M. Colombás. 260 $aMilano :$bJaca Book,$c1990. 300 $a2 v. ;$c24 cm 490 1 $aComplementi alla Storia della Chiesa 490 1 $aGià e non ancora ;$v106-190 504 $aBibliografia in nota. 505 0 $aV. 1. : Uomini, fatti, usi e istituzioni-- v. 2. : Spiritualità. 650 4$aMonachismo e ordini religiosi$zEuropa$xStoria.$0(OLS)http://pul/subject/26554 830 0$aGià e non ancora ;$v106-190.$0(OLS)http://pul/title/129 830 0$aComplementi alla Storia della Chiesa.$0(OLS)http://pul/title/23273 850 $aPUL 852 $aPUL$W1$xSL Cons. Gen., Altre Classi 1$y1$m1395.A$j9322$nBK-PRI$b $qStampati$B97923$CPULBib$Z2$F97923 $H65675,71092 $81 941 1 $a8 996 $6020$a8816301902$9(OLS)http://pul/number/99825 996 $6020$a8816301066$9(OLS)http://pul/number/99826 996 $6245$aIl monachesimo delle origini$9(OLS)http://pul/title/99954 996 $6260$aMilano :$bJaca Book$9(OLS)http://pul/publisher/47900